Baking handbook for quick bread, yeast bread, cookies, cakes, pies and pastries (Record no. 7930)

MARC details
000 -LEADER
fixed length control field 00747nam a22002057a 4500
003 - CONTROL NUMBER IDENTIFIER
control field OSt
005 - DATE AND TIME OF LATEST TRANSACTION
control field 20260305070248.0
008 - FIXED-LENGTH DATA ELEMENTS--GENERAL INFORMATION
fixed length control field 260129b |||||||| |||| 00| 0 eng d
020 ## - INTERNATIONAL STANDARD BOOK NUMBER
International Standard Book Number 978-971-27-2145-8
040 ## - CATALOGING SOURCE
Original cataloging agency DWCL-Main Lib
Transcribing agency OC
082 ## - DEWEY DECIMAL CLASSIFICATION NUMBER
Classification number Res. 641.8 B166 2009
110 ## - MAIN ENTRY--CORPORATE NAME
Corporate name or jurisdiction name as entry element The Maya Kitchen Culoinary Arts Center
Relator term Corporate Author
245 ## - TITLE STATEMENT
Title Baking handbook for quick bread, yeast bread, cookies, cakes, pies and pastries
260 ## - PUBLICATION, DISTRIBUTION, ETC.
Place of publication, distribution, etc. Philippines :
Name of publisher, distributor, etc. Anvil publishing, Inc.,
Date of publication, distribution, etc. c2009
300 ## - PHYSICAL DESCRIPTION
Extent xi, 126p. :
Dimensions 26 cm.
504 ## - BIBLIOGRAPHY, ETC. NOTE
Bibliography, etc. note Includes glossary.
650 ## - SUBJECT ADDED ENTRY--TOPICAL TERM
Topical term or geographic name entry element Baking. 2. Bread--Baking. I. Subida, Rory C. II. The Maya Kitchen Culinary Arts Center.
700 ## - ADDED ENTRY--PERSONAL NAME
Personal name RORY C. SUBIDA
Relator term Editor
942 ## - ADDED ENTRY ELEMENTS (KOHA)
Source of classification or shelving scheme Dewey Decimal Classification
Koha item type Book- Reserved
Call number suffix Res.
Suppress in OPAC No
952 ## - LOCATION AND ITEM INFORMATION (KOHA)
--
Holdings
Withdrawn status Lost status Source of classification or shelving scheme Damaged status Not for loan Home library Current library Shelving location Date acquired Source of acquisition Total Checkouts Full call number Barcode Date last seen Copy number Price effective from Koha item type Uniform Resource Identifier
    Dewey Decimal Classification     Junior High School Library Junior High School Library Reserved 06/01/2011 Library Fund   Res. 641.8 B166 2009 JHS - 15877 01/29/2026 c1 01/29/2026 BK-0 CIRC